1862 1833 1762 1364 1737 1534 1902 1310 1453 1826 1112 1866 1870 1978 1621 1756 1467 1167 1817 1209 1380 1434 1263 1866 1109 1698 1534 1245 1500 1758 1905 1604 1103 1601 1302 1473 1554 1965 1651 1534 1521 1983 1795 1458 1450 1416 1730 1728 1790 1753 1138 1774 1134 1510 1568 1546 1274 1144 1757 1364 1819 1563 1800 1382 1619 1681 1362 1450 1192 1281 1002 1850 1356 1347 1597 1321 1492 1965 1174 1882 1482 1550 1016 1340 1960 1970 1449 1240 1814 1919 1299 1827 1123 1083 1138 1090 1527 1465 1640 BCNSPRNW ULIB Ver.6.0+V

เปลี่ยนเป็นภาษาไทย

Change to English
 แสดงรายละเอียดบรรณานุกรม
  กลับหน้าหลัก

Brief Record : Get Marc (ISO 2709) : E-mail record : QR code < ปิดหน้าต่าง
LEADER : 00000nam 2200000uu 4500
001    13399110406
003     ULIB
008    110506s2011||||th 000 0 eng d
020    1437705775
024    09781437705775
060 04 WB890^bF981 2011
245 00 Fundamentals of complementary and alternative medicine /^cedited by Marc S. Micozzi ; with foreword by C. Everett Koop
250    4th ed.
260    New York :^bChurchill Livingstone,^c2011
300     598p. :^bill. ;^c26 cm.
490 1  Medical guides to complemtary & alternative medicine
504    Includes bibliographical references and index.
650  2 Complementary Therapies.
700 1  Micozzi, Marc S.,^d1953- ,^eed.
830  0 Medical guides to complementary and alternative medicine
945    ^p0^l0^i030082
995     Kesorn
999 ^a ใช้งานได้ทุกระบบ
รายการนี้ยังไม่มีแท็ก
คุณยังไม่ได้ล็อกอิน คุณสามารถมีกิจกรรมร่วมกับเว็บไซต์ได้ แต่ต้องล็อกอินก่อน ::
  ล็อกอิน

รายการสื่อสารสนเทศ

ลำดับที่ ประเภท เลขเรียก/บาร์โค้ด สถานที่ สถานะ
- ไม่พบข้อมูล -

BibComment


ยังไม่เคยถูกคอมเมนท์

คอมเมนท์ทรัพยากรรายการนี้
  คอมเมนท์: Fundamentals of c..


 Copyright 2026. Bcnsprnw @Library